<?xml version="1.0" encoding="UTF-8"?>
<record
    xmlns:xsi="http://www.w3.org/2001/XMLSchema-instance"
    xsi:schemaLocation="http://www.loc.gov/MARC21/slim http://www.loc.gov/standards/marcxml/schema/MARC21slim.xsd"
    xmlns="http://www.loc.gov/MARC21/slim">

  <leader>01560nam a2200337 i 4500</leader>
  <controlfield tag="003">DO-SdBNP</controlfield>
  <controlfield tag="005">20260430124536.0</controlfield>
  <controlfield tag="007">ta</controlfield>
  <controlfield tag="008">210715b2018    dr aco|| |||| 00| 0 spa  </controlfield>
  <datafield tag="040" ind1=" " ind2=" ">
    <subfield code="a">DO-SdBNP</subfield>
    <subfield code="b">spa</subfield>
    <subfield code="c">BNPHU</subfield>
    <subfield code="e">rda</subfield>
  </datafield>
  <datafield tag="082" ind1=" " ind2="4">
    <subfield code="2">22</subfield>
  </datafield>
  <datafield tag="245" ind1="1" ind2="0">
    <subfield code="a">Premio al m&#xE9;rito period&#xED;stico de arte y espect&#xE1;culos /</subfield>
    <subfield code="c">redacci&#xF3;n Arismendy V&#xE1;squez Guare&#xF1;o y M&#xE1;ximo Jim&#xE9;nez ; fotos Cristian Santana, Jochy Campusano</subfield>
  </datafield>
  <datafield tag="260" ind1=" " ind2=" ">
    <subfield code="a">Santo Domingo :</subfield>
    <subfield code="b">Acroarte,</subfield>
    <subfield code="c">2018.</subfield>
  </datafield>
  <datafield tag="300" ind1=" " ind2=" ">
    <subfield code="a">20 p&#xE1;ginas :</subfield>
    <subfield code="b">ilustraciones y retratos,</subfield>
    <subfield code="c">20 cm.</subfield>
  </datafield>
  <datafield tag="310" ind1=" " ind2=" ">
    <subfield code="a">Anual</subfield>
    <subfield code="b">2012</subfield>
  </datafield>
  <datafield tag="362" ind1=" " ind2="1">
    <subfield code="a">(20 de marzo 2018)</subfield>
  </datafield>
  <datafield tag="500" ind1=" " ind2=" ">
    <subfield code="a">Premio soberano 2018.</subfield>
  </datafield>
  <datafield tag="500" ind1=" " ind2=" ">
    <subfield code="a">Siete a&#xF1;os de historia (2012 al 2018)</subfield>
  </datafield>
  <datafield tag="505" ind1=" " ind2=" ">
    <subfield code="a">Period&#xED;sta</subfield>
    <subfield code="t">Angela Ovalle  : Miembro fundadora  --</subfield>
    <subfield code="t">Aridio Castillo : Miembro fundador   --</subfield>
    <subfield code="t">Marivell Contreras : Expresidenta (2007-2009) --</subfield>
  </datafield>
  <datafield tag="505" ind1=" " ind2=" ">
    <subfield code="a">Logomarca</subfield>
    <subfield code="t">Nazario Brea : Comunicador Filial Nueva York --</subfield>
    <subfield code="t">H&#xE9;ctor Cep&#xED;n : Locutor Filial Santiago --</subfield>
    <subfield code="t">Juan G.Romero : Comunicador Filial Florida --</subfield>
  </datafield>
  <datafield tag="505" ind1=" " ind2=" ">
    <subfield code="a">Homenaje : Tatico Henr&#xED;quez, m&#xFA;sico (1943-1976) </subfield>
  </datafield>
  <datafield tag="546" ind1=" " ind2="1">
    <subfield code="a">Espa&#xF1;ol</subfield>
  </datafield>
  <datafield tag="586" ind1=" " ind2=" ">
    <subfield code="a">Merito period&#xED;stico de arte y espet&#xE1;culos, 2018.</subfield>
  </datafield>
  <datafield tag="650" ind1=" " ind2="0">
    <subfield code="a">Premios</subfield>
    <subfield code="y">2018</subfield>
    <subfield code="z">Rep&#xFA;blica Dominicana</subfield>
    <subfield code="9">8135</subfield>
  </datafield>
  <datafield tag="650" ind1=" " ind2="4">
    <subfield code="a">Premio al m&#xE9;rito</subfield>
    <subfield code="v">Period&#xED;stico</subfield>
    <subfield code="y">2018</subfield>
    <subfield code="z">Rep&#xFA;blica Dominicana</subfield>
    <subfield code="9">79251</subfield>
  </datafield>
  <datafield tag="700" ind1="1" ind2=" ">
    <subfield code="a"> V&#xE1;squez Guare&#xF1;o, Arismendy,  </subfield>
    <subfield code="e">Redacci&#xF3;n</subfield>
    <subfield code="9">79252</subfield>
  </datafield>
  <datafield tag="700" ind1="1" ind2=" ">
    <subfield code="a">Jimenez, M&#xE1;ximo,</subfield>
    <subfield code="e">Redacci&#xF3;n</subfield>
    <subfield code="9">75836</subfield>
  </datafield>
  <datafield tag="700" ind1="1" ind2=" ">
    <subfield code="a">Santana, Cristian</subfield>
    <subfield code="e">Fot&#xF3;grafo</subfield>
    <subfield code="9">79253</subfield>
  </datafield>
  <datafield tag="700" ind1=" " ind2="1">
    <subfield code="a">Campusano, Jochy,</subfield>
    <subfield code="e">Fotografo</subfield>
    <subfield code="9">79254</subfield>
  </datafield>
  <datafield tag="942" ind1=" " ind2=" ">
    <subfield code="2">ddc</subfield>
    <subfield code="c">LF2</subfield>
  </datafield>
  <datafield tag="952" ind1=" " ind2=" ">
    <subfield code="0">0</subfield>
    <subfield code="1">0</subfield>
    <subfield code="2">ddc</subfield>
    <subfield code="4">0</subfield>
    <subfield code="5">1</subfield>
    <subfield code="7">0</subfield>
    <subfield code="8">RD-PP</subfield>
    <subfield code="a">BNPHU</subfield>
    <subfield code="b">BNPHU</subfield>
    <subfield code="c">CT</subfield>
    <subfield code="d">2021-07-15</subfield>
    <subfield code="e">Dep&#xF3;sito Legal</subfield>
    <subfield code="o">BNPHU PD P925 2018</subfield>
    <subfield code="p">2021-25169</subfield>
    <subfield code="r">2021-07-15</subfield>
    <subfield code="w">2021-07-15</subfield>
    <subfield code="y">LF2</subfield>
  </datafield>
  <datafield tag="952" ind1=" " ind2=" ">
    <subfield code="0">0</subfield>
    <subfield code="1">0</subfield>
    <subfield code="2">ddc</subfield>
    <subfield code="4">0</subfield>
    <subfield code="5">1</subfield>
    <subfield code="7">0</subfield>
    <subfield code="8">RD-PP</subfield>
    <subfield code="a">BNPHU</subfield>
    <subfield code="b">BNPHU</subfield>
    <subfield code="c">CT</subfield>
    <subfield code="d">2021-07-15</subfield>
    <subfield code="e">Dep&#xF3;sito Legal</subfield>
    <subfield code="o">BNPHE PD P925 2018</subfield>
    <subfield code="p">2021-25170</subfield>
    <subfield code="r">2021-07-15</subfield>
    <subfield code="t">e.2</subfield>
    <subfield code="w">2021-07-15</subfield>
    <subfield code="y">LF2</subfield>
  </datafield>
  <datafield tag="952" ind1=" " ind2=" ">
    <subfield code="0">0</subfield>
    <subfield code="1">0</subfield>
    <subfield code="2">ddc</subfield>
    <subfield code="4">0</subfield>
    <subfield code="5">1</subfield>
    <subfield code="7">0</subfield>
    <subfield code="8">RD-PP</subfield>
    <subfield code="a">BNPHU</subfield>
    <subfield code="b">BNPHU</subfield>
    <subfield code="c">CT</subfield>
    <subfield code="d">2021-07-15</subfield>
    <subfield code="o">BNPHU DS P925 2018</subfield>
    <subfield code="p">2021-25174</subfield>
    <subfield code="r">2021-07-15</subfield>
    <subfield code="t">e.3</subfield>
    <subfield code="w">2021-07-15</subfield>
    <subfield code="y">LF2</subfield>
  </datafield>
  <datafield tag="999" ind1=" " ind2=" ">
    <subfield code="c">50115</subfield>
    <subfield code="d">50115</subfield>
  </datafield>
</record>
